| 000 | 00330nam a22001337a 4500 | ||
|---|---|---|---|
| 082 |
_a823 _bSUD/A |
||
| 100 | _aSUDHAKAR, SUMATHI | ||
| 245 | _aAVVAI AND THE HOT BERRIES AND OTHER STORIES | ||
| 260 |
_aCHENNAI _bPEARL INDUS |
||
| 300 | _a58 | ||
| 520 | _aENGLISH SHORT STORY | ||
| 650 |
_aENGLISH SHORT STORY _zCHENNAI |
||
| 942 | _cBK | ||
| 999 |
_c5935 _d5935 |
||